Trenerzy Legii Warszawa w XXI w - Statystyki

Ogólne statystyki
  • Ten quiz został rozwiązany 148 razy
  • Średni wynik to 12 z 22
Statystyki odpowiedzi
lata trener % Poprawnych
2016 Aleksandar Vukovic
90%
2018 Aleksandar Vukovic
90%
2019- Aleksandar Vukovic
90%
2016-2017 Jacek Magiera
88%
2018-2019 Ricardo Sa Pinto
77%
2013-2015 Henning Berg
76%
2007-2010 Jan Urban
76%
2012-2013 Jan Urban
76%
2015-2016 Stanisław Czerczesow
72%
2010-2012 Maciej Skorża
70%
2016 Besnik Hasi
64%
1999-2001 Franciszek Smuda
64%
2018 Dean Klafuric
57%
2017-2018 Romeo Jozak
57%
2001-2003 Dragomir Okuka
38%
2005 Jacek Zieliński
38%
2007 Jacek Zieliński
38%
2005-2007 Dariusz Wdowczyk
31%
2010 Stefan Białas
18%
2003-2004 Dariusz Kubicki
16%
2001 Krzysztof Gawara
6%
2004 Krzysztof Gawara
6%
Nie znaleziono quizów pasujących do podanych kryteriów
Rozkład punktacji
Procent ludzi z każdym wynikiem
Percentyl według liczby udzielonych odpowiedzi
Twoja historia wyników
Nie rozwiązałeś tego quizu